[Event "Lagos South West op"]
[Site "Lagos"]
[Date "2023.07.12"]
[Round "2"]
[White "Salako, Clinton Oluwatoba"]
[Black "Okeke, Isaac Chukwudalu"]
[Result "0-1"]
[WhiteElo "1901"]
[BlackElo "2153"]
[PlyCount "98"]
[EventDate "2023.07.12"]
[EventType "swiss"]
[EventRounds "9"]
[EventCountry "NGR"]
[SourceTitle "CBM 215 Extra"]
[Source "ChessBase"]
[SourceDate "2023.09.30"]
[SourceVersion "1"]
[SourceVersionDate "2023.09.30"]
[SourceQuality "1"]

1. d4 Nf6 2. c4 e6 3. Nc3 d5 4. Nf3 Bb4 5. e3 0-0 6. Bd3 Nc6 7. 0-0 dxc4 8. Bxc4 Qe7 9. Qc2 e5 10. dxe5 Nxe5 11. Be2 Bg4 12. Ng5 Bxc3 13. bxc3 Bxe2 14. Qxe2 Rfd8 15. Bb2 Qc5 16. c4 Qxc4 17. Qxc4 Nxc4 18. Bxf6 gxf6 19. Ne4 Nd2 20. Nxf6+ Kg7 21. Nh5+ Kh6 22. Rfc1 Kxh5 23. Rxc7 Kg6 24. Rxb7 Rab8 25. Rxa7 Nb1 26. g4 Rb2 27. Ra5 Rd1+ 28. Kg2 Nc3 29. Rxd1 Nxd1 30. Ra6+ Kg7 31. h4 Rxf2+ 32. Kg3 Re2 33. h5 Rxe3+ 34. Kf4 h6 35. g5 hxg5+ 36. Kxg5 Re5+ 37. Kg4 Nf2+ 38. Kg3 Rf5 39. a4 f6 40. Ra8 Ne4+ 41. Kg4 Rg5+ 42. Kf4 Nc3 43. a5 Rxh5 44. a6 Ra5 45. Rc8 Nd5+ 46. Ke4 Ne7 47. Rc7 Kf7 48. a7 Ke6 49. Rb7 Nc6 0-1